000 01332cam a2200373 a 4500
001 22453
003 SK-KTurca
005 20260328123757.0
008 240226s1994 xo jr 000 f slo
015 _aSNBA1994/12
020 _a8070942002
_q(viazané)
035 _aSNK000019911
040 _aSNK
_bslo
_cSNK
_eAACR2
041 1 _aslo
_hrus
044 _axo
_cSK
072 7 _a821.161.1
_xRuská literatúra
_2konspekt
072 7 _a821-93
_xLiteratúra pre deti a mládež (beletria)
_2konspekt
080 _a882-3(087.5)
_21997
080 _a821.161.1-31
_22011
080 _a82-93-053.4/.5
_22011
100 1 _aČarskaja, Lidija Aleksejevna,
_d1875-1937
_4aut
245 1 0 _aBez mamičky
_bpríbeh siroty, ktorá hľadá materinskú lásku
_cL. A. Čárska ; [podľa prekladu Márie Klimovej upravila Darina Šimeková ; ilustrácie Dušan Nágel]
250 _a1. vyd.
260 _aBratislava
_bPráca
_c1994
_eTrnava
_fPolygrafické závody
300 _a214 strán
_c21 cm
500 _aIlustrácia na frontispice
500 _aPravdepodobne preložené z ruštiny
655 7 _aruské romány
_2SNKPH
655 7 _aliteratúra pre deti a mládež
_2SNKPH
700 1 _aKlimová, Mária,
_d1908-1954
_4trl
700 1 _aNágel, Dušan,
_d1949-
_4ill
700 1 _aŠimečková, Darina
_4adp
942 _2ddc
_cKLDO
_n0
999 _c22453
_d22453